Central Library OPAC University of Rajshahi

The Registration act (XVI of 1908) / (Record no. 51896)

MARC details
000 -LEADER
fixed length control field 00622cam a2200217u 4500
001 - CONTROL NUMBER
control field 51896
003 - CONTROL NUMBER IDENTIFIER
rucl marc code BD-RjUL
005 - DATE AND TIME OF LATEST TRANSACTION
control field 20211209075728.0
008 - FIXED-LENGTH DATA ELEMENTS--GENERAL INFORMATION
fixed length control field 160904s1969 xx 000 0 eng
035 ## - SYSTEM CONTROL NUMBER
System control number (BD-RjUL)52016
040 ## - CATALOGING SOURCE
Original cataloging agency DLC
Transcribing agency CarP
Modifying agency DLC
Language of cataloging eng
041 ## - LANGUAGE CODE
Language code of text/sound track or separate title eng
082 ## - DEWEY DECIMAL CLASSIFICATION NUMBER
Edition number 23
Classification number 346.54910438
Author mark and year MAR 1969
100 1# - MAIN ENTRY--PERSONAL NAME
Personal name Mahmood, Shaukat.
9 (RLIN) 155218
245 04 - TITLE STATEMENT
Title The Registration act (XVI of 1908) /
260 ## - PUBLICATION, DISTRIBUTION, ETC. (IMPRINT)
Place of publication, distribution, etc. Lahore :
Name of publisher, distributor, etc. Legal Research Centre,
Date of publication, distribution, etc. 1969
300 ## - PHYSICAL DESCRIPTION
Pagination viii, 319 p. :
Illustrations ill. ;
Size 25 cm.
651 ## - SUBJECT ADDED ENTRY--GEOGRAPHIC NAME
Geographic name Pakistan
General subdivision Registration Act, 1908.
9 (RLIN) 155219
942 ## - ADDED ENTRY ELEMENTS (KOHA)
Source of classification or shelving scheme Dewey Decimal Classification
Koha item type Books
Holdings
Lost status Source of classification or shelving scheme Damaged status Not for loan Collection code Permanent Location Current Location Shelving location Date acquired Source of acquisition Cost, normal purchase price Total Checkouts Full call number Date last seen Copy number Koha item type
  Dewey Decimal Classification     Non-fiction Central Library, University of Rajshahi Central Library, University of Rajshahi   01/06/1969 Karachi : S.M. Mirza 15.00   346.54910438 MAR 1969 04/09/2016 C-2 Books